Ruzsai tervek biztosítják a lakosok ellátását /

Elmentve itt :
Bibliográfiai részletek
Szerző: Tanács István
Dokumentumtípus: Cikk
Megjelent: 1981-05-10
Sorozat:Délmagyarország 71 No. 108
Kulcsszavak:Ruzsa, Településfejlesztés Ruzsa
Online Access:http://dmarchiv.bibl.u-szeged.hu/86077
LEADER 00497nab a2200157 i 4500
001 delm86077
005 20190618095338.0
008 190618s1981 hu o 0|| hun d
040 |a SZTE Délmagyarország Archívum  |b hun 
041 |a hun 
100 1 |a Tanács István 
245 1 0 |a Ruzsai tervek   |h [elektronikus dokumentum] :  |b biztosítják a lakosok ellátását /  |c  Tanács István 
260 |c 1981-05-10 
300 |a 1 
490 0 |a Délmagyarország  |v 71 No. 108 
695 |a Ruzsa, Településfejlesztés Ruzsa